Central Library OPAC University of Rajshahi

Life in Mexico / (Record no. 26592)

MARC details
000 -LEADER
fixed length control field 01079nam a2200289 a 4500
001 - CONTROL NUMBER
control field 26592
003 - CONTROL NUMBER IDENTIFIER
rucl marc code BD-RjUL
005 - DATE AND TIME OF LATEST TRANSACTION
control field 20211209051035.0
008 - FIXED-LENGTH DATA ELEMENTS--GENERAL INFORMATION
fixed length control field 140323r19541913enk b 000 0 eng c
035 ## - SYSTEM CONTROL NUMBER
System control number (BD-RjUL)26662
040 ## - CATALOGING SOURCE
Original cataloging agency Enoch Pratt Free Libr.
Transcribing agency DLC
Modifying agency DLC
-- BD-RjUL
Language of cataloging eng
041 ## - LANGUAGE CODE
Language code of text/sound track or separate title eng
051 ## - LIBRARY OF CONGRESS COPY, ISSUE, OFFPRINT STATEMENT
Classification number F1213
Item number .C145 Copy 3
Copy information From the library of Oliver Wendell Holmes.
Classification number F1213
Item number .C145 Copy 4
Copy information From the library of Oliver Wendell Holmes.
082 00 - DEWEY DECIMAL CLASSIFICATION NUMBER
Classification number 917.2
Author mark and year BAL 1954
100 1# - MAIN ENTRY--PERSONAL NAME
Personal name Barca, Calderón de la,
Fuller form of name (Frances Erskine Inglis),
Dates associated with a name 1804?-1882.
9 (RLIN) 81771
245 10 - TITLE STATEMENT
Title Life in Mexico /
Statement of responsibility, etc. Calderon de la Baraca.
260 ## - PUBLICATION, DISTRIBUTION, ETC. (IMPRINT)
Place of publication, distribution, etc. London :
Name of publisher, distributor, etc. J.M. Dent & Sons ;
Place of publication, distribution, etc. New York :
Name of publisher, distributor, etc. E.P. Dutton & Co.,
Date of publication, distribution, etc. 1913 [Reprinted 1954].
300 ## - PHYSICAL DESCRIPTION
Pagination xxxviii, 542 p. ;
Size 17 cm.
490 0# - SERIES STATEMENT
Series statement Everyman's library. Travel and topography
504 ## - BIBLIOGRAPHY, ETC. NOTE
Bibliography, etc Bibliography: p. xxii and index.
651 #0 - SUBJECT ADDED ENTRY--GEOGRAPHIC NAME
Geographic name Mexico
General subdivision Description and travel.
9 (RLIN) 70269
Geographic name Mexico
General subdivision Social life and customs.
9 (RLIN) 81772
942 ## - ADDED ENTRY ELEMENTS (KOHA)
Source of classification or shelving scheme Dewey Decimal Classification
Koha item type Books
Holdings
Lost status Source of classification or shelving scheme Damaged status Not for loan Collection code Permanent Location Current Location Shelving location Date acquired Source of acquisition Cost, normal purchase price Total Checkouts Full call number Date last seen Copy number Koha item type
  Dewey Decimal Classification   Added to bundle Non-fiction Central Library, University of Rajshahi Central Library, University of Rajshahi Reading Room 24/09/1955 B. H. Black Well 7.00   917.2 BAL 1954 23/03/2014 C-1 Books